[Event "Czestochowa"]
[Site "Czestochowa"]
[Date "1984.??.??"]
[Round "?"]
[White "Pavlik, Radoja"]
[Black "Kojder, Konrad"]
[Result "1/2-1/2"]
[WhiteElo "2355"]
[BlackElo "2380"]

1.e4 c5 2.Nf3 e6 3.d4 cxd4 4.Nxd4 Nc6 5.Nc3 a6 6.Be3 Qc7 7.Bd3 Nf6 8.O-O Nxd4
9.Bxd4 Bc5 10.Bxc5 Qxc5 11.Qe2 d6 12.Kh1 O-O  1/2-1/2

[Event "Czestochowa"]
[Site "Czestochowa"]
[Date "1984.??.??"]
[Round "?"]
[White "Thipsay, Praveen Mahadeo"]
[Black "Flis, Jacek"]
[Result "1/2-1/2"]
[WhiteElo "2435"]
[BlackElo "2360"]

1.e4 c5 2.Nf3 e6 3.d4 cxd4 4.Nxd4 Nc6 5.Nc3 Qc7 6.Be2 a6 7.O-O Nf6 8.Be3 Bb4
9.Na4 O-O 10.Nxc6 bxc6 11.c4 Be7 12.Qc2 c5 13.f4 d6 14.Bf3 Rb8 15.Rac1 Nd7
16.Nc3 Bb7 17.g4 Rbd8 18.Rcd1 Nb8 19.g5 Rfe8 20.Qf2 Bf8 21.Rd2 Nc6 22.Rfd1 g6
23.h4 Bg7 24.Ne2 Qe7 25.h5 f6 26.gxf6 Bxf6 27.e5 dxe5 28.Bxc5 Qg7 29.Qg2 Rxd2
30.Rxd2 Rc8 31.hxg6 hxg6 32.Bb6 Bd8 33.Bxd8 Rxd8 34.Rxd8+ Nxd8 35.Bxb7 Nxb7
36.fxe5 Qxe5 37.Qxg6+ Kf8 38.Qh6+ Ke8 39.Qd2 Qe4 40.b3 Nc5 41.Ng3 Qf3 42.Qd6 Qe3+
43.Kh2 Nd3 44.Qc6+ Kf7 45.Qe4 Qd2+ 46.Qe2 Qh6+ 47.Kg1  1/2-1/2

[Event "New Delhi"]
[Site "Delhi"]
[Date "1984.??.??"]
[Round "?"]
[White "Barua, Dibyendu"]
[Black "Mithrakanth, Poorna Sharma"]
[Result "1/2-1/2"]
[WhiteElo "2460"]
[BlackElo "2345"]

1.e4 c5 2.Nf3 e6 3.Nc3 Nc6 4.d4 cxd4 5.Nxd4 d6 6.Be2 Nf6 7.O-O Be7 8.Kh1 O-O
9.f4 Qc7 10.Be3 a6 11.Qe1 Nxd4 12.Bxd4 b5 13.e5 dxe5 14.Bxe5 Qb6 15.Qg3 Bb7
16.f5 b4 17.Nd1 g6 18.fxg6 fxg6 19.Ne3 Ne4 20.Qh3 Nf2+ 21.Rxf2 Rxf2 22.Bc4 Bf6
23.Qg3 Bxe5 24.Qxe5 Re8 25.Rg1 Rd2 26.Rf1 Qd6 27.Qf6 Qe7 28.Qe5 Qg7 29.Qd6 Qe7
30.Qe5 Qd6 31.Qf6 Qe7 32.Qe5 Qd6  1/2-1/2

[Event "Dresden"]
[Site "Dresden"]
[Date "1984.??.??"]
[Round "9"]
[White "Dobrovolsky, Ladislav"]
[Black "Gauglitz, Gernot"]
[Result "1-0"]
[WhiteElo "2410"]
[BlackElo "2325"]

1.e4 c5 2.Nf3 e6 3.d4 cxd4 4.Nxd4 Nc6 5.Nc3 Nf6 6.Nxc6 bxc6 7.e5 Nd5 8.Ne4 Qc7
9.f4 Qb6 10.c4 Bb4+ 11.Ke2 f5 12.Nf2 Ba6 13.Kf3 Ne7 14.Be3 Bc5 15.Bxc5 Qxc5
16.Qd6 Qa5 17.Be2 g5 18.Rhd1 Rd8 19.g3 Ng6 20.b3 gxf4 21.gxf4 Qb6 22.Qd4 d5
23.exd6 Qxd4 24.Rxd4 c5 25.Rdd1 e5 26.fxe5 Bb7+ 27.Ke3 f4+ 28.Kd2 Nxe5 29.Kc3 f3
30.Bf1 O-O 31.Bh3 Rf6 32.Rg1+ Kh8 33.Rae1 Nf7 34.d7 Bc6 35.Re7 Nd6 36.Rge1 Rf7
37.Rxf7 Nxf7 38.Re7 Kg7 39.Nd3 f2 40.Nxf2 Kf8 41.Re8+ Rxe8 42.dxe8=Q+ Kxe8
43.Nd3 Ng5 44.Bf5 h6 45.Nxc5 Ke7 46.b4 Kf6 47.Bg4 Ke5 48.b5 Bg2 49.a4 Kf4
50.Bh5 Bf3 51.Be8 Ke5 52.a5 Kd6 53.Kb4  1-0

[Event "FIN-ch"]
[Site "Espoo"]
[Date "1984.??.??"]
[Round "?"]
[White "Valkesalmi, Kimmo"]
[Black "Kanko, Ilkka"]
[Result "1-0"]
[WhiteElo "2290"]
[BlackElo "2275"]

1.e4 c5 2.Nf3 e6 3.d4 cxd4 4.Nxd4 Nc6 5.Nc3 a6 6.Be2 Qc7 7.O-O Nf6 8.Be3 Bb4
9.Nxc6 bxc6 10.f4 d5 11.e5 Nd7 12.Na4 O-O 13.c4 Be7 14.Rc1 Qb8 15.Rf3 f6
16.cxd5 cxd5 17.Rc6 Rf7 18.Rxe6 Nxe5 19.Rb6 Nxf3+ 20.Bxf3 Qc7 21.Bxd5 Ra7
22.Rc6  1-0

[Event "BL2-N"]
[Site "Germany"]
[Date "1984.??.??"]
[Round "?"]
[White "Cording, Harm"]
[Black "Ahmels, Volker"]
[Result "1-0"]
[WhiteElo "2285"]
[BlackElo "2270"]

1.e4 c5 2.Nc3 e6 3.Nf3 Nc6 4.d4 cxd4 5.Nxd4 Nf6 6.Ndb5 d6 7.Bf4 e5 8.Bg5 a6
9.Bxf6 gxf6 10.Na3 f5 11.exf5 Bxf5 12.Nc4 Rc8 13.Ne3 Be6 14.Bc4 Bxc4 15.Nxc4 Rg8
16.O-O Qg5 17.Ne3 Nd4 18.Ne4 Qg6 19.Ng3 Bh6 20.Rc1 Rc6 21.c3 Ne6 22.Rc2 Bf4
23.Rd2 Nc5 24.Qf3 h5 25.Rfd1 Bxg3 26.hxg3 Ne4 27.Re2 Nf6 28.Nf5 Ng4 29.Red2 Kd7
30.Rxd6+ Rxd6 31.Nxd6 Ke7 32.Nf5+ Ke8 33.Qd5  1-0

[Event "Grindavik"]
[Site "Grindavik"]
[Date "1984.??.??"]
[Round "6"]
[White "Hjartarson, Johann"]
[Black "Gudmundsson, Elvar"]
[Result "1/2-1/2"]
[WhiteElo "2415"]
[BlackElo "2330"]

1.e4 c5 2.Nf3 e6 3.d4 cxd4 4.Nxd4 Nc6 5.Nc3 Qc7 6.Be2 a6 7.O-O Nf6 8.Kh1 Nxd4
9.Qxd4 Bc5 10.Qd3 b5 11.f4 Bb7 12.Bf3 O-O 13.e5 Ne8 14.Bxb7 Qxb7 15.Ne4 Be7
16.f5 f6 17.Bd2 fxe5 18.fxe6 dxe6 19.Rxf8+ Bxf8 20.Ng5 Nf6 21.Nxe6 e4 22.Qb3 Qf7
23.h3 Bd6  1/2-1/2

[Event "Hamburg op"]
[Site "Hamburg"]
[Date "1984.??.??"]
[Round "3"]
[White "Lindberg, Bengt"]
[Black "Kruszynski, Wlodzimierz"]
[Result "1-0"]
[WhiteElo "2320"]
[BlackElo "2385"]

1.e4 c5 2.Nf3 e6 3.d4 cxd4 4.Nxd4 Nc6 5.Nc3 a6 6.Be2 Qc7 7.O-O Nf6 8.Kh1 Be7
9.f4 d6 10.Be3 O-O 11.a4 Rd8 12.Nb3 b6 13.Qe1 Rb8 14.Qf2 Na5 15.e5 Nd7 16.exd6 Bxd6
17.Ne4 Be7 18.Nxa5 bxa5 19.Bd3 Nf6 20.b3 Ng4 21.Qe2 Nxe3 22.Qxe3 Qb6 23.Qh3 h6
24.Rae1 Rb7 25.Rf3 f5 26.Nd2 Qb4 27.Re2 Rc7 28.Rf1 Kh8 29.Nc4 Bf6 30.Re3 Kh7
31.Qh5 g6 32.Qe2 Rg8 33.Ne5 Qc5 34.Bc4 Re7 35.Re1 Qb6 36.Rd1 g5 37.fxg5 Bxg5
38.Red3 Bb7 39.Rd7 Reg7 40.Rxg7+ Rxg7 41.Nd7  1-0

[Event "Hamburg op"]
[Site "Hamburg"]
[Date "1984.??.??"]
[Round "7"]
[White "Wiemer, Ralf"]
[Black "Kruszynski, Wlodzimierz"]
[Result "1-0"]
[WhiteElo "2285"]
[BlackElo "2385"]

1.e4 c5 2.Nf3 e6 3.d4 cxd4 4.Nxd4 Nc6 5.Nc3 a6 6.Be2 Qc7 7.O-O Nf6 8.Be3 Be7
9.Nb3 b5 10.a3 O-O 11.f4 d6 12.Bf3 Bb7 13.Qe1 Rac8 14.Rd1 b4 15.axb4 Nxb4
16.Qf2 Nd7 17.Rd2 Nc6 18.Rfd1 Na5 19.Nxa5 Qxa5 20.Ne2 Qb5 21.c3 Nf6 22.Ng3 Rfe8
23.h3 Bf8 24.Kh2 a5 25.Bd4 Nd7 26.Be2 Qc6 27.e5 d5 28.Ra1 Ra8 29.Bd3 g6 30.h4 Nc5
31.Bxc5 Bxc5 32.Qe2 Qb6 33.Qg4 Ba6 34.Bxa6 Rxa6 35.Nh5 Be7 36.Nf6+ Bxf6 37.exf6 h5
38.Qg5 Kh7 39.Re1 Raa8 40.Re5 Rac8 41.Rd3 Qd6 42.Rg3 Qf8 43.Qxh5+ Qh6 44.Qxh6+ Kxh6
45.h5 gxh5 46.Reg5  1-0

[Event "Hamburg op"]
[Site "Hamburg"]
[Date "1984.??.??"]
[Round "11"]
[White "Schroeder, Christoph"]
[Black "Kruszynski, Wlodzimierz"]
[Result "1/2-1/2"]
[WhiteElo "2205"]
[BlackElo "2385"]

1.e4 c5 2.Nf3 e6 3.d4 cxd4 4.Nxd4 Nc6 5.Nc3 a6 6.g3 d6 7.Bg2 Bd7 8.O-O Nf6
9.Re1 Be7 10.Nce2 O-O 11.c4 Qc7 12.b3 Rac8 13.Bb2 Rfd8 14.Rc1 Qb8 15.Qd3 Be8
16.Nxc6 Bxc6 17.Nd4 Be8 18.h3 Nd7 19.f4 Bf6 20.Qd2 Nc5 21.Rcd1 b5 22.cxb5 axb5
23.Kh2 Qa7 24.Re2 Be7 25.Qb4 Qa6  1/2-1/2

[Event "Hamburg op"]
[Site "Hamburg"]
[Date "1984.??.??"]
[Round "11"]
[White "Ghinda, Mihail Viorel"]
[Black "Bergstrom, Christer"]
[Result "1/2-1/2"]
[WhiteElo "2465"]
[BlackElo "2395"]

1.e4 c5 2.Nf3 Nc6 3.d4 cxd4 4.Nxd4 e6 5.Nc3 a6 6.Be2 Qc7 7.O-O Nf6 8.Kh1 Nxd4
9.Qxd4 Bc5 10.Qd3 h5 11.f4 b5 12.e5 Ng4 13.Bf3 Rb8 14.Qe2 Bb7 15.Bd2 b4 16.Ne4 Bd5
17.Ng5 Qc6 18.Bxd5 Qxd5 19.Ne4 Be7 20.c3 bxc3 21.Bxc3 O-O 22.Rad1 Qxa2 23.Rxd7 Bb4
24.h3 Nh6 25.Qxh5 Bxc3 26.bxc3 Qc4 27.Re1 Nf5 28.Qg5 Rb2 29.Rd8 Rxd8 30.Qxd8+ Kh7
31.Ng5+ Kg6 32.Ne4 Kh7 33.Qg5 Qd3 34.Qh5+ Kg8 35.Qg4 Rb1 36.Nf6+ Kf8 37.Nh7+ Kg8
38.Nf6+ Kf8 39.Nh7+ Kg8  1/2-1/2

[Event "Hastings8485"]
[Site "Hastings"]
[Date "1984.??.??"]
[Round "4"]
[White "Benjamin, Joel"]
[Black "Djuric, Stefan"]
[Result "1/2-1/2"]
[WhiteElo "2520"]
[BlackElo "2490"]

1.Nf3 c5 2.e4 e6 3.d4 cxd4 4.Nxd4 Nc6 5.Nc3 Qc7 6.g3 a6 7.Bg2 Nf6 8.O-O h6
9.Nb3 d6 10.a4 Be7 11.f4 O-O 12.Be3 b6 13.Qe2 Rb8 14.g4 Na5 15.g5 hxg5 16.fxg5 Nh7
17.h4 Nc4 18.Bd4 Bd7 19.Rf2 b5 20.axb5 axb5 21.e5 d5 22.Raf1 g6 23.Nd1 b4
24.Rf4 Bb5 25.Qe1 Na5 26.R1f3 Nxb3 27.cxb3 Qc1 28.Bf1 Bxf1 29.Rxf1 Qc2 30.Ne3 Qxb3
31.Ng4 Kg7 32.Qf2 Qh3 33.Nh6 Nxg5 34.hxg5 Bxg5 35.Nxf7 Bxf4 36.Qxf4 Qh7 37.Rf3 Kg8
38.Nh6+ Kg7 39.Nf7 Ra8 40.Kg2 Kg8 41.Qf6 Rxf7 42.Qxe6 g5 43.Rf6 Qe4+ 44.Kg3 Qh4+
45.Kg2 Qe4+  1/2-1/2

[Event "Helsinki"]
[Site "Helsinki"]
[Date "1984.??.??"]
[Round "?"]
[White "Pirttimaki, Timo"]
[Black "Helmers, Knut J"]
[Result "0-1"]
[WhiteElo "2355"]
[BlackElo "2455"]

1.e4 c5 2.Nf3 e6 3.d4 cxd4 4.Nxd4 Nc6 5.Nc3 d6 6.Be2 Nf6 7.O-O Be7 8.f4 O-O
9.Be3 a6 10.Qe1 Bd7 11.Qg3 b5 12.e5 Nxd4 13.Bxd4 dxe5 14.Bxe5 Bc6 15.Bd3 g6
16.f5 Nh5 17.Qh3 exf5 18.Bxf5 f6 19.Rad1 Bc5+ 20.Kh1 fxe5 21.Rxd8 Raxd8 22.Bd3 Rxf1+
23.Bxf1 Nf4 24.Qh4 Rd2 25.Qg5 Rf2 26.Qd8+ Kg7 27.h4 Rxf1+ 28.Kh2 Bg1+ 29.Kg3 Nh5+
30.Kh3 Rf7 31.Ne2 Nf4+ 32.Nxf4 exf4  0-1

[Event "Helsinki"]
[Site "Helsinki"]
[Date "1984.??.??"]
[Round "?"]
[White "Helmers, Knut J"]
[Black "Paavilainen, Jorma"]
[Result "1-0"]
[WhiteElo "2455"]
[BlackElo "2280"]

1.e4 c5 2.Nf3 Nc6 3.d4 cxd4 4.Nxd4 e6 5.Nc3 a6 6.g3 d6 7.Bg2 Bd7 8.O-O Be7
9.Re1 Qc7 10.Nxc6 Bxc6 11.a4 Nf6 12.a5 O-O 13.Be3 Nd7 14.Na4 Bf6 15.Nb6 Rad8
16.c3 g6 17.Qc2 Bg7 18.Rad1 Ne5 19.Bd4 Rfe8 20.h3 Nd7 21.Be3 Nf6 22.c4 e5
23.b4 Qe7 24.Rd2 Qe6 25.Red1 Bf8 26.Qb1 Be7 27.Rc1 Kg7 28.Nd5 Rc8 29.Rdc2 Bd8
30.b5 Bd7 31.Qb4 Ra8 32.Nb6 Bxb6 33.Bxb6 Rec8 34.Be3 Ne8 35.Bf1 Nf6 36.Bg2 Ne8
37.Rc3 Rc7 38.Bb6 Rcc8 39.Qb2 Nf6 40.Qb4 Ne8 41.Kh2 Qe7 42.Be3 Rab8 43.f4 f6
44.fxe5 fxe5 45.c5 axb5 46.cxd6 Qe6 47.Rc5 Rxc5 48.Rxc5 Nf6 49.Qb2 Re8 50.Rc7 Qxd6
51.Rxb7 Qc6 52.Rb6 Qc4 53.Qd2 Re6 54.Rb8 Re8 55.Rxe8 Bxe8 56.Qd6 Qc3 57.Qe7+  1-0

[Event "Helsinki"]
[Site "Helsinki"]
[Date "1984.??.??"]
[Round "?"]
[White "Rantanen, Yrjo A"]
[Black "Paavilainen, Jorma"]
[Result "1-0"]
[WhiteElo "2440"]
[BlackElo "2280"]

1.e4 c5 2.Nf3 e6 3.d4 cxd4 4.Nxd4 Nc6 5.Nc3 a6 6.Be2 Qc7 7.O-O Nf6 8.Be3 Bb4
9.Nxc6 bxc6 10.f4 O-O 11.e5 Nd5 12.Nxd5 cxd5 13.Qd4 Rb8 14.c4 dxc4 15.Rac1 d5
16.exd6 Qxd6 17.Rxc4 Qe7 18.Rd1 Ba5 19.Qc5 Qxc5 20.Bxc5 Bb6 21.b3 Bxc5+ 22.Rxc5 Rb6
23.Kf2 g6 24.Rc7 Kg7 25.Bf3 Kf6 26.Rdc1 Rb8 27.Ra7 h6 28.Be2 e5 29.fxe5+ Kxe5
30.Bxa6 Be6 31.Bc4 Ra8 32.Rxa8 Rxa8 33.a4 Rb8 34.Re1+ Kd6 35.Bxe6 fxe6 36.Re3 e5
37.Rd3+ Kc5 38.Ke3 Rb4 39.g3 g5 40.Rc3+ Kd5 41.Kd3 Rb8 42.a5 e4+ 43.Ke3 Rf8
44.Rc4 Rf3+ 45.Ke2 Rxb3 46.Ra4 Rb2+ 47.Kd1 Rb7 48.a6 Ra7 49.Ke2 Kc5 50.Ke3 Kb5
51.Ra1 Kb6 52.Ra2  1-0

[Event "NLD-ch"]
[Site "Hilversum"]
[Date "1984.??.??"]
[Round "6"]
[White "Van Mil, Johannes A J"]
[Black "Langeweg, Kick"]
[Result "0-1"]
[WhiteElo "2400"]
[BlackElo "2415"]

1.e4 c5 2.Nf3 e6 3.d4 cxd4 4.Nxd4 Nc6 5.Nc3 a6 6.Nxc6 bxc6 7.e5 d5 8.exd6 Qxd6
9.Be3 Qc7 10.Ne4 c5 11.Qd3 f5 12.Nc3 Nf6 13.Be2 Be7 14.O-O O-O 15.Rad1 Kh8
16.Qc4 Rb8 17.Bc1 Rb4 18.Qd3 Rd4 19.Qe3 e5 20.f3 c4  0-1

[Event "NLD-ch"]
[Site "Hilversum"]
[Date "1984.??.??"]
[Round "11"]
[White "Kuijf, Marinus"]
[Black "Ligterink, Gert"]
[Result "1-0"]
[WhiteElo "2405"]
[BlackElo "2440"]

1.e4 c5 2.Nf3 e6 3.d4 cxd4 4.Nxd4 Nc6 5.Nc3 d6 6.Be3 Nf6 7.f4 e5 8.fxe5 Ng4
9.Qd2 Nxe3 10.Qxe3 dxe5 11.Nxc6 bxc6 12.Qg3 Qa5 13.Bc4 Bb4 14.O-O-O O-O 15.Rd3 Kh8
16.Rhd1 Qc5 17.Bb3 Qe7 18.a3 Bc5 19.Na4 Bd4 20.c3 Bb6 21.Nxb6 axb6 22.Rd6 b5
23.Qe3 f5 24.Rxc6 fxe4 25.Bc2 Bg4 26.Qxe4 Bf5 27.Qe3 Bxc2 28.Kxc2 Qh4 29.Rc7 Rae8
30.Kb1 Qg4 31.Qd2 e4 32.Re1 Rd8 33.Qe2 Qe6 34.Kc1 Rfe8 35.Qe3 Qe5 36.Rc5 Qxh2
37.Qg5 Rd7 38.Rxb5 Qd6 39.Qe3 Rde7 40.Rb6 Qd5 41.Rb4 h6 42.Rd1 Qf5 43.Rbd4 Qg6
44.R1d2 Kh7 45.Re2 Re5 46.c4 R8e7 47.b4 Qf6 48.Kc2 Qc6 49.Kb2 Qf6 50.Ka2 Qe6
51.a4 Qa6 52.Ka3 Ra7 53.Qb3 Qf6 54.Qc2 Qf1 55.Rd1 Qf4 56.Rde1 Rae7 57.Re3 g6
58.Qd2 Qf5 59.Rd1 Qg5 60.Qe2 h5 61.Rd4 Qf6 62.Kb3 Qb6 63.Qd2 Qf6 64.b5 Qf1
65.Re1 Qf6 66.Qe3 Qe6 67.Red1 Qb6 68.R4d3 Qa5 69.Rd7 Qa8 70.R1d5 Re6 71.Rd8 Qb7
72.Qd4 Kh6 73.Rh8+ Rh7 74.Rd7  1-0

[Event "Jajce (Women)"]
[Site "Jajce"]
[Date "1984.??.??"]
[Round "?"]
[White "Markovic, Gordana"]
[Black "Alexandria, Nana"]
[Result "1/2-1/2"]
[WhiteElo "2160"]
[BlackElo "2370"]

1.e4 c5 2.Nf3 e6 3.d4 cxd4 4.Nxd4 Nc6 5.Nc3 a6 6.Be2 Qc7 7.O-O Nf6 8.Kh1 Be7
9.Be3 O-O 10.f4 d6 11.a4 Re8 12.Nb3 b6 13.Bf3 Rb8 14.Qe2 Bf8 15.Rad1 Nb4
16.Bc1 e5 17.fxe5 dxe5 18.Bg5 Be6 19.Qf2 Nd7 20.Rd2 Rbc8 21.Nc1 f6 22.Be3 Bc5
23.Bxc5 Qxc5 24.Qg3 Red8 25.Rfd1 Qe7 26.Nd3 Nxd3 27.Rxd3 Nc5 28.Rxd8+ Rxd8
29.Qe1 Rxd1 30.Qxd1 Qd7 31.Qxd7 Bxd7 32.b3 Bc6 33.Kg1 Kf7 34.Kf2 Ke6 35.Ke3 Kd6
36.Nb1 Ne6 37.c3 Ng5 38.Nd2 Nxf3 39.gxf3 a5 40.Kd3 Bd7 41.Ke3 Be6 42.Kd3 Kc5
43.Ke3 Bf7 44.Kd3 Be6 45.Kc2 f5 46.exf5 Bxf5+ 47.Kd1 Bd3 48.Ke1 Bc2 49.Ke2 Bxb3
50.Nxb3+ Kc4 51.Nc1 Kxc3 52.Nd3 Kb3 53.Kd2 Kxa4 54.Kc3 b5 55.Kb2 b4 56.Nxe5 Kb5
57.Nd7 a4 58.Nf8 Kc4 59.Nxh7 a3+ 60.Ka2 Kc3 61.Ng5 b3+ 62.Kxa3 b2 63.Ne4+ Kc2
64.Nd2 g5 65.Ka2 Kxd2 66.Kxb2 Ke3 67.Kc3 Kxf3 68.Kd4  1/2-1/2

[Event "JUG-ch"]
[Site "?"]
[Date "1984.??.??"]
[Round "4"]
[White "Ivanovic, Bozidar"]
[Black "Hulak, Krunoslav"]
[Result "1-0"]
[WhiteElo "2525"]
[BlackElo "2510"]

1.e4 c5 2.Nf3 Nc6 3.d4 cxd4 4.Nxd4 e6 5.Nc3 Qc7 6.Be3 a6 7.Bd3 Nf6 8.O-O b5
9.Nxc6 dxc6 10.f4 e5 11.f5 Bb7 12.Qf3 Rd8 13.a4 Nd7 14.Kh1 Be7 15.Qh3 h6
16.Qg4 Kf8 17.b3 Bb4 18.Ne2 Qd6 19.Qh4 Qe7 20.Qh3 Bc5 21.Bd2 Nf6 22.Ng3 Rd7
23.Bg5 Qd8 24.Rfd1 Ke7 25.Bh4 Kf8 26.Nh5 Be7 27.Nxf6 gxf6 28.Be2 c5 29.axb5 axb5
30.Rxd7 Qxd7 31.Rd1 Qc6 32.Bf3 c4 33.Bg3 cxb3 34.cxb3 h5 35.Qh4 Ke8 36.Be2 Kf8
37.Bf3 b4 38.h3 Ke8 39.Kh2 Qc2 40.Ra1 Kd7 41.Rd1+ Ke8 42.Ra1 Kd7 43.Ra7 Rb8
44.Qxh5 Qxb3 45.Bd1 Qc4 46.Be2 Qc5 47.Qxf7 b3 48.Ra1 Bxe4 49.Qe6+ Kc7 50.Bf2 Qd6
51.Ra7+ Rb7 52.Qxb3 Rxa7 53.Bxa7 Bb7 54.h4 Qd2 55.Qb6+ Kc8 56.Qe6+ Kd8 57.Bb6+  1-0

[Event "JUG-ch"]
[Site "?"]
[Date "1984.??.??"]
[Round "9"]
[White "Abramovic, Bosko"]
[Black "Kurajica, Bojan"]
[Result "0-1"]
[WhiteElo "2495"]
[BlackElo "2495"]

1.e4 c5 2.Nf3 e6 3.d4 cxd4 4.Nxd4 Nc6 5.Nc3 a6 6.Be2 d6 7.O-O Nf6 8.Be3 Be7
9.f4 O-O 10.a4 Re8 11.Nb3 b6 12.Qe1 Bb7 13.Rd1 Qc7 14.Qf2 Nd7 15.Kh1 Rac8
16.Rd2 Nb4 17.f5 Bf6 18.Rfd1 Bxc3 19.bxc3 Na2 20.Rxd6 Nf6 21.e5 Ne4 22.Qh4 exf5
23.Rd7 Qxc3 24.e6 Rxe6 25.Bg1 Qc6 26.Nd4 Qxd7 27.Nxe6 Qe8 28.Nd4 Nec3 29.Nxf5 Bxg2+
30.Kxg2 Qxe2+ 31.Bf2 Nxd1 32.Ne7+ Kf8 33.Nxc8 Ne3+ 34.Kh3 Qf1+  0-1

[Event "Kragujevac"]
[Site "Kragujevac"]
[Date "1984.??.??"]
[Round "7"]
[White "Lazic, Dragoljub"]
[Black "Novoselski, Zoran"]
[Result "0-1"]
[WhiteElo "2320"]
[BlackElo "2410"]

1.e4 c5 2.Nf3 e6 3.d4 cxd4 4.Nxd4 Nc6 5.Nc3 d6 6.f4 Nf6 7.Nf3 Be7 8.Bd3 O-O
9.O-O b5 10.a3 b4 11.axb4 Nxb4 12.Kh1 a5 13.Be3 Nxd3 14.cxd3 Nd7 15.Nd4 Bb7
16.f5 e5 17.f6 exd4 18.fxe7 Qxe7 19.Bxd4 Ne5 20.Qd2 Qd7 21.Rf5 f6 22.Na4 Qb5
23.Nb6 Ra6 24.Nc4 Bxe4 25.dxe4 Qxc4 26.Qe3 Rc8 27.h3 a4 28.Rff1 Rac6 29.Rfd1 Qb5
30.Rac1 Rxc1 31.Rxc1 Rxc1+ 32.Qxc1 Qc4 33.Qd2 Nd3 34.Qa5 Qc1+ 35.Kh2 Qf4+
36.Kh1 Qxe4 37.Qxa4 Nf4 38.Qc4+ Kf8 39.Qc8+ Ke7 40.Qc7+ Ke6 41.Qxg7 Qxd4
42.Qxh7 Qxb2 43.Qg8+ Ke5 44.Qe8+ Kd4 45.Qa4+ Ke3 46.Qa7+ Qd4 47.Qa3+ Nd3
48.Kh2 f5 49.Qb3 Qe5+ 50.Kg1  0-1

[Event "White Knights"]
[Site "Leningrad"]
[Date "1984.??.??"]
[Round "?"]
[White "Lukin, Andrei M"]
[Black "Taimanov, Mark E"]
[Result "1-0"]
[WhiteElo "2470"]
[BlackElo "2515"]

1.e4 c5 2.Nf3 Nc6 3.d4 cxd4 4.Nxd4 e6 5.Nc3 a6 6.Nxc6 bxc6 7.e5 Qc7 8.f4 f5
9.Be3 Rb8 10.Be2 Rxb2 11.O-O Ne7 12.Na4 Nd5 13.Bd4 Rb4 14.c3 Rxa4 15.Qxa4 c5
16.Bf2 Nxc3 17.Qc4 Nxe2+ 18.Qxe2 Bb7 19.Rac1 Be7 20.Rc3 O-O 21.Rfc1 Rc8 22.Bxc5 Bxc5+
23.Rxc5 Qxc5+ 24.Rxc5 Rxc5 25.Qh5 Rc8 26.h3 Bd5 27.a3 a5 28.g4 Be4 29.Kf2 a4
30.Ke3 Rf8 31.gxf5 exf5 32.Qe2 Rc8 33.Qa6 Rc3+ 34.Kd2 Rd3+ 35.Ke2 h6 36.Qxa4 Kh7
37.h4 Rd5 38.Qb4 Kg6 39.Qe7 Rd4 40.Qe8+ Kh7 41.h5 Bc2 42.Qg6+ Kh8 43.Qb6 Re4+
44.Kf3 Bd1+ 45.Kg3 Bxh5 46.Qd8+ Kh7 47.Qxd7 Re3+ 48.Kh2 Rxa3 49.Qxf5+ Bg6
50.Qe6 Rf3 51.Qg4 Rf1 52.Kg2 Rc1 53.f5 Be8 54.Qb4 Rc7 55.Kg3 Rf7 56.Kg4 Kg8
57.Qc4 Kh7 58.Qc5 Kg8 59.e6 Rf6 60.Kh4 Kh7 61.Kg4 Ba4 62.e7 Be8 63.Qc8 Ba4
64.e8=Q Bxe8 65.Qxe8 Rb6 66.Kf4 Rd6 67.Ke4 Rf6 68.Kd5 Rb6 69.Ke5 Ra6 70.Qe6 Ra5+
71.Kd6 Ra8 72.Ke5 Rd8 73.Ke4 Kh8 74.Qc6 Kh7 75.Ke5 Kh8 76.Qh1 Kg8 77.Qf3 Kh8
78.Qa3 Kg8 79.Qc5 Re8+ 80.Kf4 Rf8 81.Qd6 Rf6 82.Qd5+ Kh7 83.Qd8 Rc6 84.Qe8 Ra6
85.Ke4 Rb6 86.Kd5 Ra6 87.Qe6 Ra5+ 88.Ke4 Ra4+ 89.Kf3 Ra3+ 90.Kf2  1-0

[Event "White Knights"]
[Site "Leningrad"]
[Date "1984.??.??"]
[Round "?"]
[White "Hjartarson, Johann"]
[Black "Taimanov, Mark E"]
[Result "1/2-1/2"]
[WhiteElo "2415"]
[BlackElo "2515"]

1.e4 c5 2.Nf3 Nc6 3.d4 cxd4 4.Nxd4 e6 5.Nc3 a6 6.Be2 Nge7 7.Be3 Nxd4 8.Qxd4 b5
9.O-O Nc6 10.Qd2 Be7 11.Rad1 O-O 12.Bf4 f6 13.Bd6 Bxd6 14.Qxd6 Ra7 15.Qc5 Rc7
16.a4 b4 17.Na2 a5 18.c3 Bb7 19.Qb6 Qb8 20.cxb4 axb4 21.Bb5 Ba8 22.Qe3 Qa7  1/2-1/2

[Event "London"]
[Site "London"]
[Date "1984.??.??"]
[Round "?"]
[White "Nunn, John DM"]
[Black "Timman, Jan H"]
[Result "1/2-1/2"]
[WhiteElo "2600"]
[BlackElo "2610"]

1.e4 c5 2.Nf3 e6 3.d4 cxd4 4.Nxd4 Nc6 5.Nc3 a6 6.f4 d5 7.Be3 Bb4 8.e5 Nge7
9.a3 Ba5 10.Bd3 Nxd4 11.Bxd4 Nc6 12.Bf2 f5 13.Qh5+ g6 14.Qh6 d4 15.Qg7 Rf8
16.b4 Qd7 17.Qxd7+ Bxd7 18.Ne2 Bb6 19.c4 g5 20.g3 O-O-O 21.Kd2 Rg8 22.Rhg1 Be8
23.h4 h6 24.hxg5 hxg5 25.Rh1 Bc7 26.Rh6 Bf7 27.Rah1 Kb8 28.Ng1 Bxe5 29.fxe5 Nxe5
30.Ne2 Ng4 31.Bxd4 e5 32.Rf6 Be8 33.Rxf5 exd4 34.Rd5 Rxd5 35.cxd5 Nf2 36.Rh6 Nxd3
37.Kxd3 Bb5+ 38.Kd2 Bxe2 39.Kxe2 Re8+ 40.Re6 Rf8 41.Re4 Kc7 42.Rxd4 Kd6 43.Ke3 Rf1
44.Rd3 b6 45.Ke4 a5 46.bxa5 bxa5 47.Rb3 Re1+ 48.Kf3 Rd1 49.Kg4  1/2-1/2

[Event "London"]
[Site "London"]
[Date "1984.??.??"]
[Round "?"]
[White "Timman, Jan H"]
[Black "Andersson, Ulf"]
[Result "1-0"]
[WhiteElo "2610"]
[BlackElo "2630"]

1.e4 c5 2.Nf3 e6 3.d4 cxd4 4.Nxd4 Nc6 5.Nc3 a6 6.Be3 Nf6 7.Bd3 d5 8.exd5 exd5
9.O-O Bd6 10.Be2 h6 11.Re1 O-O 12.Bf3 Re8 13.h3 Bc7 14.Nde2 Be6 15.Nf4 Bxf4
16.Bxf4 Qb6 17.Qd2 Rad8 18.Na4 Qd4 19.Nc3 Qxd2 20.Bxd2 Nb4 21.Rac1 Bf5 22.Rxe8+ Rxe8
23.Ne2 Nxc2 24.Bc3 Rd8 25.g4 Bh7 26.Nd4 Nxd4 27.Bxd4 Be4 28.Be2 Ne8 29.f3 Bg6
30.Kf2 f6 31.a4 Kf7 32.b4 Ke6 33.f4 Be4 34.b5 axb5 35.f5+ Ke7 36.Bxb5 Kf7
37.Bb6 Ra8 38.Bd7 g6 39.a5 Kg8 40.fxg6 Bxg6 41.Rc8 Rxc8 42.Bxc8  1-0

[Event "London"]
[Site "London"]
[Date "1984.??.??"]
[Round "?"]
[White "Timman, Jan H"]
[Black "Polugaevsky, Lev"]
[Result "1/2-1/2"]
[WhiteElo "2610"]
[BlackElo "2615"]

1.e4 c5 2.Nf3 Nc6 3.d4 cxd4 4.Nxd4 e6 5.Nc3 a6 6.g3 d6 7.Bg2 Bd7 8.O-O Nf6
9.Nxc6 Bxc6 10.a4 Be7 11.Be3 O-O 12.a5 Nd7 13.Na4 f5 14.Nb6 Nxb6 15.Bxb6 Qd7
16.Re1 Bd8 17.Bxd8 Raxd8 18.exf5 Rxf5 19.Bxc6 bxc6 20.Qe2 Rb5 21.c3 c5 22.c4 Rb4
23.Rad1 d5 24.Qxe6+ Qxe6 25.Rxe6 Rxc4 26.Rxa6 d4 27.Rc6 Rb4 28.Rxc5 Rxb2
29.Rd3 Ra2 30.Kg2 h6 31.h4 Ra8 32.Rxd4 R2xa5 33.Rcc4 h5 34.Rd7 R8a7 35.Rc8+ Kh7
36.Rdd8 Rf7 37.Rh8+ Kg6 38.f4 Ra2+ 39.Kh3 Ra5 40.Rc3 Rd7 41.g4 hxg4+ 42.Kxg4 Ra1
43.f5+ Kf7 44.Rcc8 Rg1+ 45.Kh5 Kf6 46.Rc5 Rf1 47.Rf8+ Rf7  1/2-1/2

[Event "Lloyds Bank op"]
[Site "London"]
[Date "1984.??.??"]
[Round "7"]
[White "Thipsay, Praveen Mahadeo"]
[Black "Murshed, Niaz"]
[Result "1/2-1/2"]
[WhiteElo "2445"]
[BlackElo "2405"]

1.e4 c5 2.Nf3 Nc6 3.d4 cxd4 4.Nxd4 e6 5.Nc3 a6 6.Be2 d6 7.O-O Nf6 8.Be3 Be7
9.f4 O-O 10.Qe1 Bd7 11.Qg3 Qb8 12.Bf3 Kh8 13.Rae1 Ne8 14.Kh1 Bf6 15.Rd1 Qc7
16.a4 Rc8 17.Qf2 Nb4 18.e5 Be7 19.Nb3 Bc6 20.Bb6 Qb8 21.Qe2 Bxf3 22.Rxf3 Nc6
23.Re1 Bh4 24.exd6 Nxd6 25.Rd1 Bd8 26.Bc5 Be7 27.Rfd3 Nf5 28.Qf2 Rfd8 29.Bb6 Rxd3
30.Rxd3 Nb4 31.Rd7 Rc4 32.g3 Qc8 33.Rd2 Rc6 34.Na5 Rd6 35.Rxd6 Bxd6 36.Ne4 Be7
37.c3 Nd5 38.Bd4 Bd8 39.Nb3 Qc4 40.Nbd2 Nxd4 41.Qxd4 Qe2 42.Qf2 Qd1+ 43.Kg2 Qxa4
44.c4 Nb6 45.Qd4 Qd7 46.Qxd7 Nxd7 47.Nd6 Bf6 48.Nxb7 Bxb2 49.c5 Nb8 50.Nc4 Bc3
51.Nd8 a5 52.Nxf7+ Kg8 53.Nd8 Bf6 54.Nxe6 a4 55.Nc7 Bd4 56.Kf3 Bxc5 57.Nb5 Nd7
58.Ke4 Nf6+ 59.Kd3 Ng4 60.Nc3 Nxh2 61.Nxa4 Bf2 62.Ke4 Bxg3 63.Ne3 Bf2 64.Nc3 Bxe3
65.Kxe3 Kf7 66.Kf2 Kf6 67.Kg3 Nf1+ 68.Kg4 Ne3+ 69.Kf3 Nc4 70.Kg4 Nd6 71.Nd5+ Kg6
72.Ne3 h5+ 73.Kh4 Kh6 74.f5 Ne4 75.Nd5 Nf6 76.Ne7 Ne4  1/2-1/2

[Event "London P&D Knights"]
[Site "London"]
[Date "1984.??.??"]
[Round "8"]
[White "Nicholson, John G"]
[Black "Johansen, Darryl K"]
[Result "0-1"]
[WhiteElo "2260"]
[BlackElo "2475"]

1.e4 c5 2.Nf3 e6 3.d4 cxd4 4.Nxd4 Nc6 5.Nc3 a6 6.f4 Nge7 7.Be3 Ng6 8.Nf3 b5
9.Bd3 Be7 10.O-O O-O 11.Qd2 Bb7 12.Rad1 d6 13.a4 b4 14.Nb1 Bf6 15.b3 Rc8
16.Qe2 e5 17.g3 exf4 18.gxf4 Re8 19.e5 dxe5 20.Bxg6 Qe7 21.Bxh7+ Kxh7 22.Ng5+ Kg8
23.Qh5 Bxg5 24.fxg5 g6 25.Qh4 Nd4 26.Rxd4 exd4 27.Bxd4 f6 28.gxf6 Qf7 29.Nd2 Rxc2
30.Re1 Rxe1+ 31.Qxe1 Qd7 32.Qh4 Qf5 33.f7+ Kxf7 34.Qh7+ Ke6 35.Qxb7 Qg4+
36.Qg2 Qxd4+  0-1

[Event "London P&D Knights"]
[Site "London"]
[Date "1984.??.??"]
[Round "9"]
[White "Large, Peter G"]
[Black "Fischdick, Gisela"]
[Result "1/2-1/2"]
[WhiteElo "2295"]
[BlackElo "2215"]

1.e4 c5 2.Nf3 e6 3.d4 cxd4 4.Nxd4 Nc6 5.Nc3 Qc7 6.g3 a6 7.Bg2 Nf6 8.O-O Nxd4
9.Qxd4 Bc5 10.Bf4 d6 11.Qd2 h6 12.Rad1 e5 13.Be3 Bg4 14.Bxc5 dxc5 15.f3 Be6
16.f4 O-O 17.Nd5 Bxd5 18.exd5 Qd6 19.Rfe1 exf4 20.Qxf4 Rfd8 21.Qxd6 Rxd6
22.Re7 b6 23.Rc7 Rad8 24.c4 R8d7 25.Rc8+ Rd8 26.Bh3 Rxc8 27.Bxc8 a5 28.Bb7 Ne4
29.Rd3 f5 30.Re3 Kf7 31.Bc8 g6 32.g4 Nd2 33.gxf5 Nxc4 34.Re2 gxf5 35.Bxf5 Kf6
36.Be6 a4 37.Kg2 Ne5 38.Rf2+ Kg6 39.h4 c4 40.h5+ Kg7 41.Kg3 Rd8 42.Rf5 Nd3
43.Rf7+ Kh8 44.Rc7 Nc5 45.Kf4 a3 46.bxa3 c3 47.Bf5 Rxd5 48.Rc6 Kg7 49.Rg6+ Kf7
50.Rg3 Ne6+ 51.Bxe6+ Kxe6 52.Rxc3 Rxh5 53.Rc6+ Kd7 54.Rxb6 Rh2  1/2-1/2